Procedimiento fiscal ; procedimientos administrativos.

Guardado en:
Autor Corporativo: Argentina.
Formato: Libro
Idioma:Spanish
Publicado: Buenos Aires : Errepar, 2020.
Edición:Versión 2.7.
Series:Separatas de legislación.
Materias:
Etiquetas: Agregar Etiqueta
Sin Etiquetas, Sea el primero en etiquetar este registro!
LEADER 01182nam a22002655a 4500
001 EAD.ead004761
008 250602s2020####ag#######b####001#0#spa#d
005 20250717125040.0
245 0 0 |a Procedimiento fiscal ; procedimientos administrativos. 
250 |a Versión 2.7. 
260 |a Buenos Aires :  |b Errepar,  |c 2020. 
300 |a 272 p. ;  |c 21 cm. 
490 1 |a Separatas de legislación 
500 |a Incluye selección de jurisprudencia, cuadros y esquemas, preguntas de autoevaluación. 
505 0 |a Ley Penal Tributaria -- Medidas antievasión -- Medios de pago -- Tasa por actuaciones ente el TFN -- Reglamento de procedimientos del TFN -- Ley 19549 y modif. -- Decreto reglamentario 1759/72 (t.o. 1991) -- Procedimientos administrativos especiales (D. 722/96 y modif.). 
504 |a Inlcuye referencias bibliográficas e índices. 
020 |a 9789870124658 
110 2 |a Argentina. 
240 1 0 |a Leyes, etc. 
830 0 |a Separatas de legislación. 
246 1 4 |a Procedimiento fiscal y administrativo 
082 0 4 |a 344.3  |2 21 
653 |a Procedimiento fiscal 
650 7 |a Derecho tributario.  |2 unbist 
859 |a AR-BaBDC  |b BIB. ADMINISTRACION - Libros  |h 344.3  |i Er78-2  |p b07450